000 00721nam a22002177a 4500
999 _c12606
_d12606
003 AR-CdUCM
008 190409b ||||| |||| 00| 0 spa d
040 _aMUNICIPALIDAD PROVINCIAL DEL CUSCO
_cBIBLIOTECA MUNICIPAL DEL CUSCO
082 _a985.061 /
_bC16 / 1907
100 _aCaivano, Tomas
_930529
245 _aHistoria de la guerra de américa :
_bEntre Chile, Perú y Bolivia /
260 _aArequipa :
_bMuñiz,
_c1907.
300 _a301 páginas ;
_c22 cm.
505 _aContenido : Indice -- Prefacio -- Capítulos I - II -- III -- IV -- V ...
650 _aGuerra
_91007
650 _aChile
_91150
650 _aPerú
_935
650 _aBolivia
_91138
942 _2ddc
_cLIBROS
945 _arah
_d09/04/2019